| 000 | 00690nam a2200205 a 4500 | ||
|---|---|---|---|
| 001 | 000026019 | ||
| 005 | 20200930024232.0 | ||
| 008 | 110225s1965 sp r 000 f spa d | ||
| 040 |
_aDO-SdBNP _bspa _cBNPHU |
||
| 041 | 1 | 7 |
_aesp _hfre _2Código de idioma MARC |
| 082 |
_axxxx _bC421e |
||
| 100 | 1 |
_aCesbron, Gilbert, _d1913-1979 _939609 |
|
| 240 | 1 | 0 |
_aEntre chiens et loups. _lEspañol. |
| 245 | 1 | 0 |
_aEntre perros y lobos / _cGilbert Cesbron ; traducción del francés por Ana Cela. |
| 260 |
_aBarcelona, (Espana) : _bDestinos, _c1965. |
||
| 300 |
_a341, [1] p. ; _c19 cm. |
||
| 490 | 1 |
_aÁncora y Delfín _v256 |
|
| 700 | 1 |
_aCela, Ana _etr. _948778 |
|
| 830 | 0 |
_aÁncora y Delfín ; _v256 _95000 |
|
| 999 |
_c25511 _d25511 |
||